Sports Quiz

Random Sports or Letter Quiz
Score 0/13 Timer 10:00
0 Plays Today
Hint Answer % Correct
Liverpool
85.7%
Aston Villa
67.9%
Everton
61.8%
Wolverhampton Wanderers
57.9%
Port Vale
53.5%
Brighton & Hove Albion
38.1%
Blackburn Rovers
36.4%
Bristol Rovers
30.7%
Coventry City
30.6%
Stevenage
22.3%
Yeovil Town
21%
Doncaster Rovers
20.4%
Forest Green Rovers
11%
Remove Ads.
Support Sporcle.
Get the best of Sporcle when you Go Orange. This ad-free experience offers more features, more stats, and more fun while also helping to support Sporcle. Thank you for becoming a member.

You're not logged in!

Compare scores with friends on all Sporcle quizzes.
OR
Log In

Sporcle TV

Today on Sporcle TV


Watch our educational content, quiz creation guides, and fun videos on Sporcle TV.

Show Comments

Extras

Top Quizzes Today


Score Distribution

Paid Content

Your Account Isn't Verified!

In order to create a playlist on Sporcle, you need to verify the email address you used during registration. Go to your Sporcle Settings to finish the process.

Report this User

Report this user for behavior that violates our Community Guidelines.

Details: